00942nam a22002657a 45000010005000000030006000050050017000110080041000280200018000690400029000870500015001160820008001311000020001392450087001592500044002462600037002903000060003275050009003875200135003965210022005315210021005536500036005747000034006107000032006448265FISKH20250905113824.0250905b cb ||||| |||| 00| 0 eng d a9780545331531 aFISKHbengcFISKHdFISKH aPZ7.O614 K a305 aOppel, Kenneth  aThe king's taster / cBy Kenneth Oppel : paintings by Steve Johnson & Lou Fancher  aFirst Scholastic printing, January 2011 aNew York : bScholastic ,c2009. a32 unnumbered pages : bcolor illustrations ;c25 cm .  aK  aThe royal chef takes Max the dog, the royal taster, on several international journeys to find a dish for the land's pickiest king.8 a520 bLexile 8 aK bRaz-Plus  aGood nutritionvChildren's Book aJohnson, Steve eIllustrator  aFancher , LoueIllustrator